000 00514 a2200193 4500
005 20250528150952.0
008 250528b |||||||| |||| 00| 0 eng d
020 _a9789391502430
_cRs. 2490.00
040 _aMAIN
082 _a615.19
_bK189C
100 _aKayum, Zak
245 _aCounterfeit medicines: Forensic analysis
260 _bKnowledge Bakers
_c2023
_aPune
300 _axxx, 246
650 _aDrugs Spectra
650 _aProduct Counterfeitiy
650 _aPharmaceutical Industry
942 _cBK
999 _c359403
_d359403